| 000 | 00878nam a2200241 a 4500 | ||
|---|---|---|---|
| 001 | 000757800 | ||
| 003 | AM-YeHGA | ||
| 005 | 20250617162310.0 | ||
| 008 | 100906s1952 ||||||||r|||||000|0|rus|d | ||
| 040 | _aAM-YeHGA | ||
| 041 | 0 | _arus | |
| 100 | 1 | _aЧепелева, М.А. | |
| 245 | 1 | 0 |
_aЗлокачественное малокровие / _cМ.А. Чепелева. |
| 260 |
_aКиев : _bГосмедиздат УССР, _c1952. |
||
| 300 |
_a164 с. : _bил. ; _c20 см. |
||
| 504 | _aБиблиогр.: с. 159-163 | ||
| 650 | 1 | 4 | _aГемопоэтической системы новообразования |
| 650 | 1 | 4 |
_aАнемия пернициозная _xТерапия |
| 650 | 1 | 4 | _aГематологические тесты |
| 650 | 1 | 4 | _aМетаболические процессы |
| 650 | 1 | 4 | _aЛечебные методы |
| 090 | _c490279 | ||
| 999 |
_c486910 _d486910 |
||